| 000 | 00494nam a22001577a 4500 | ||
|---|---|---|---|
| 999 |
_c9335 _d9335 |
||
| 008 | 210403b ||||| |||| 00| 0 eng d | ||
| 040 | _aBMS College of Architecture | ||
| 100 | _aK, Shilpa | ||
| 245 | _aSports training center for excellence Munnar (Kerala) | ||
| 300 | _a74p. | ||
| 500 | _a1BM98AT039 | ||
| 502 |
_8B.Arch _NBMS College of Architecture, Visvesvaraya Technological University _aProject report _d2002 |
||
| 650 | _aSports | ||
| 700 |
_aK R Madhu Chand _eGuide |
||
| 942 |
_2ddc _cTHE |
||